000 00365 a2200157 4500
001 187676
020 _a85-305-0190-X
040 _cMagnum
100 _aGaldino, Luiz
240 1 0 _aOs cavaleiros da távola redonda
_lpor
245 1 0 _aOs cavaleiros da távola redonda
300 _a111
362 0 _a1999
697 _aLITERATURA INFANTO-JUVENIL
942 _cBK
999 _c187676
_d187676